[Event "Bucaramanga Santander-ch"]
[Site "Bucaramanga"]
[Date "2024.03.08"]
[Round "2"]
[White "Gonzalez Gonzalez, Mario Jesus"]
[Black "Cardenas Briceno, Eloy"]
[Result "1-0"]
[WhiteElo "1591"]
[BlackElo "1662"]
[PlyCount "77"]
[EventDate "2024.03.08"]
[EventType "swiss"]
[EventRounds "7"]
[EventCountry "COL"]
[SourceTitle "CB13_2024"]
[SourceDate "2024.03.27"]
[SourceVersion "1"]
[SourceVersionDate "2024.03.27"]
[SourceQuality "1"]

1. e4 e5 2. Nf3 Nc6 3. Bc4 Nf6 4. d3 Bc5 5. c3 d6 6. d4 exd4 7. cxd4 Bb4+ 8. Nc3 Nxe4 9. 0-0 Nxc3 10. bxc3 Bxc3 11. Qb3 Nxd4 12. Qxc3 Nxf3+ 13. Qxf3 0-0 14. Qg3 Qf6 15. Bg5 Qg6 16. Rfe1 Be6 17. Bd3 f5 18. Rad1 Rf7 19. Bc2 Raf8 20. Rxe6 Qxe6 21. Bb3 Qe2 22. Bxf7+ Kxf7 23. Rc1 Re8 24. Rxc7+ Kg8 25. h3 Re6 26. Rxb7 Qe1+ 27. Kh2 a5 28. Bf6 g6 29. Rg7+ Kf8 30. Qh4 Qd2 31. Rxh7 Re4 32. Be7+ Ke8 33. Qg5 Qxg5 34. Bxg5 d5 35. Rg7 d4 36. Rxg6 d3 37. Rf6 Re2 38. Rxf5 Rxa2 39. Re5+ 1-0